Регионална библиотека "Любен Каравелов" - Русе

Новото данъчно законодателство през 2000 година (Запис номер 28176)

MARC детайли
000 -Лидер
Контролно поле с фиксирана дължина 01515nam a2200325 c 4500
003 - Код на организацията, давaща контролен номер
Контролно поле BLK
005 - Дата и час на последна редакция
Контролно поле 20180422095747.0
008 - Елементи от данни с фиксирана дължина
fixed length control field 180407b bul|||||r ||||||| ||bul||
010 ## - Наследен системен номер
LC control number KNG00030768000
020 ## - Международен стандартен номер на книга ISBN
Международен стандартен номер на книга ISBN 954-608-040-3
-- издат.: Труд и право
040 ## - Източник на каталожния запис
Идентификатор на билиотеката - собственик на записа BLK
041 ## - Код за език
Код за езика на текст/звукозапис или на отделно заглавие Български
Код за езика КДБФ Български
080 ## - УДК
Текстов определител УДК Обществени финанси. Финансово законодателство. Подразделя се със знака за съотношение и индекса 336. 12
УДК код - определител по УДК 351.72
УДК определител :336.2(497.2)(094.5.072)
УДК - код + определител 351.72:336.2(497.2)(094.5.072)
139 ## - Редно поле
Редна дума България. Закони и др. п.
Авторски знак Бъл - Б 92
245 10 - Сведения за заглавието
Заглавие Новото данъчно законодателство през 2000 година
Редно поле (дума) комент. Ганета Минкова.
257 ## - Страна на издаване
Страна на създаване/издаване България
260 ## - Област на издателските данни
-- София
Име на издателя, разпространителя и проч. Труд и право
Година на издаване 2000
Печатница София : Д. Благоев
300 ## - Физическа характеристика
Страници 576 с.
Илюстрации и др. с табл.
Размери/Мащаб 21 см
380 ## - Жанр
Жанр Обществени науки
500 ## - Общи забележки
Забележка Пълното име на авт. е Иван Дочев Колев.
650 #4 - Допълнително описание по предмет – тема
Основно описание – тема или топоним Данъци - България - законодателни и директивни материали
9 (RLIN) 249104
653 ## - Ключова дума – ненормативна
Ключова дума данъчно законодателство
700 1# - Други автори (авторска отговорност)
Лично име Минкова, Ганета
Автороска отговорност (Описва отношението между автора и произведението) комент.
9 (RLIN) 365270
710 1# - Име на организация или юридическо лице като допълнителен термин за търсене
Наименование на организация или юридическо лице като редна дума България. Закони и др. п.
9 (RLIN) 243213
852 ## - Местоположение
Форматна сигнатура Цб 203679
856 4# - Електронен адрес и достъп
Електронен формат pdf - файл
Път до файла /url/
856 4# - Електронен адрес и достъп
Електронен формат pdf - файл
Път до файла /url/
942 ## - АРТИКУЛИ
Вид на библиотечния материал Книги
Скрит в OPAC Не
944 ## - СЪЗДАВАНЕ И РЕДАКЦИЯ на ЗАПИСА
Създаване/Редакция Създаване
Дата на регистрацията/редакция 10.04.2003
Служител, извършил регистрацията/редакцията Наталия_Медовщикова
944 ## - СЪЗДАВАНЕ И РЕДАКЦИЯ на ЗАПИСА
Създаване/Редакция Редакция
Дата на регистрацията/редакция 07.04.2008
Служител, извършил регистрацията/редакцията
999 ## - СИСТЕМНИ КОНТРОЛНИ НОМЕРА
Koha biblionumber 28176
Koha biblioitemnumber 28176
Наличности
Код за отписване Код за изгубен артикул Източник на класификационната схема Код за повреда Коз за рестрикции Код за отдаване Артикулен № Име на библиотеката - собственик Име на библиотеката, в която се намира в момента Статус (Текущо местоположение) Дата на вписване в системата Местоположение - отдел Цена в лева Инвентарен номер Систематично азбучна сигнатура Баркод Номер на екземпляра Цена в евро Служебна бележка Служебен тип на артикула
  Не е изгубен Universal Decimal Classification Не е повреден без рестрикции ползва се в читалня 45345 Регионална библиотека "Любен Каравелов" Русе Регионална библиотека "Любен Каравелов" Русе Хранилище 2001-01-01 Хранилище 15.60 653985 Цб 203679 120000653985 1 7.98 Дост: Dp Вид: Д N: стар фонд Книги
Изтеглен Не е изгубен Universal Decimal Classification Не е повреден без рестрикции заемане за дома 45346 Регионална библиотека "Любен Каравелов" Русе Регионална библиотека "Любен Каравелов" Русе Заемна - подръчен фонд 2002-05-10 Заемна - подръчен фонд 15.60 120000669840 П 351/Б 92 120000669840 2 7.98 Дост: DA Вид: А N: 17 Дата: 10.05.2002 Книги
Изтеглен Не е изгубен Universal Decimal Classification Не е повреден без рестрикции заемане за дома 45347 Регионална библиотека "Любен Каравелов" Русе Регионална библиотека "Любен Каравелов" Русе Заемна - подръчен фонд 2002-05-10 Заемна - подръчен фонд 15.60 120000669841 П 351/Б 92 120000669841 3 7.98 Дост: DA Вид: А N: 17 Дата: 10.05.2002 Книги
Vip Innovations Ltd, Rousse, Bulgaria 2025